000 01311nam a22003497a 4500
003 CHAP
005 20220329134031.0
008 971013s1967 r 00010 d
010 _a14419
011 _a15391
035 _a19467
040 _cCHAP
090 _aTesis
100 0 0 _aGonzález Téllez, Fernando.
_949448
245 _aContribución al estudio de los movimientos económicos de la ganadería en la República, estado de Tlaxcala; índices
_b: núm. de cabezas por capita de habitante y su valor
260 _aMéxico, D.F. :
_bEl autor,
_c1967
300 _a35 h.
_b: tablas
502 _aTesis (Médico Veterinario Zootecnista) -- UNAM. Esc. Nac. de Medicina Veterinaria y Zootecnia
590 _aALEPH
_b10
_c20130110
_lUCH01
_h1235
590 _aBATCH-UPD
_b10
_c20130109
_lUCH01
_h2356
590 _aBATCH-UPD
_b10
_c20130110
_lUCH01
_h2152
590 _aBATCH-UPD
_b10
_c20130409
_lUCH01
_h1929
590 _aBATCH-UPD
_b10
_c20130410
_lUCH01
_h1501
590 _aBATCH-UPD
_b10
_c20130914
_lUCH01
_h1456
590 _aCONVERSION
_b10
_c20130109
_lUCH01
_h1309
650 1 4 _aGanadería
_xAspectos económicos
_xTlaxcala.
_944649
650 1 4 _aGanadería
_xTlaxcala.
_944854
650 1 4 _aGanadería
_xTlaxcala.
_944854
901 _aBK
942 _cTESIS
949 _bBC
_cTES
_d-45339
_eTS1
_i19467
_si
999 _c14419
_d14419